000 00227nam a22000857a 4500
001 1236001
005 20251001115745.0
245 _aEGE KIYILARINDAN ESKİ ZAMAN MASALLARI
_cAHMET ÜNVER
260 _bGÜNIŞIĞI KİTAPLIĞI YAYINLARI
999 _c1236001
_d1236001